|
|
|
|
| LEADER |
00000nab a2200000 a 4500 |
| 001 |
vtls000111552 |
| 003 |
SK-MaSNL |
| 005 |
20260303024032.0 |
| 008 |
111031c1981 xo 0 slo |
| 015 |
|
|
|a SNBRA19rr/mm-uuuuu
|
| 035 |
|
|
|a CL0121655
|
| 040 |
|
|
|a SNKBUCL
|b slo
|c SNKBUCL
|e AACR2
|
| 041 |
0 |
|
|a slo
|
| 044 |
|
|
|a xo
|c SK
|
| 080 |
|
|
|a 546
|2 1981
|
| 080 |
|
|
|a 541
|2 1981
|
| 100 |
1 |
|
|a Vojtko, Ján,
|d 1940-
|4 aut
|9 213458
|
| 245 |
1 |
0 |
|a Oxidácia Tĺ na Tl" elementárnym kyslíkom
|c J. Vojtko, M. Hrušovský
|
| 300 |
|
|
|b Tb. 7. Res. rus., nem.
|
| 650 |
0 |
7 |
|a tálium
|2 snkbucl
|9 51298
|
| 650 |
0 |
7 |
|a oxidácia
|2 snkbucl
|9 16618
|
| 655 |
|
7 |
|a články zo zborníkov
|2 snkbucl
|9 166140
|
| 700 |
1 |
|
|a Hrušovský, Mikuláš,
|d 1916-2003
|4 aut
|9 57606
|
| 773 |
0 |
|
|t Zborník prác Chemickotechnologickej fakulty SVŠT 1977-1978
|d Bratislava : Alfa, 1981
|g S. 157-163
|
| 850 |
|
|
|a Slovenská národná knižnica v Martine
|a MTA001
|
| 852 |
|
|
|a SNK
|b KIS3GCP
|
| 958 |
|
|
|a RK
|
| 992 |
|
|
|a RZB
|
| 999 |
|
|
|c 1637922
|d 1639852
|